| 000 | 01635nam a2200373 a 4500 | ||
|---|---|---|---|
| 001 | 0000332 | ||
| 003 | DO-SdBNP | ||
| 005 | 20180315123828.0 | ||
| 007 | 0000332 | ||
| 008 | 091125s2012 dr a 000 0 spa d | ||
| 020 | _a9789945117301 | ||
| 040 |
_aBPMSU _bspa _cBPMSU |
||
| 082 | 0 | 4 |
_a 372.832 _b C238c 1ro. 2012 |
| 100 | 1 | _aCapellán Almonte, Fanny | |
| 245 | 1 | 0 |
_aCívica 1 : _beducación básica / _c Fanny Capellán Almonte ; dirección editorial Obdulia García de Escobar ; ilustración Ruddy Núñez. |
| 260 |
_aSanto Domingo : _bSantillana, _c2012 |
||
| 300 |
_a55 p. : _bil. ; _c28 cm. |
||
| 490 | 1 | _aInnova | |
| 500 | _aEste libro ha sido realizado de conformidad con el currículum vigente y ha sido sometido a la aprobación del MINERD [Ministerio de Educación de República Dominicana] | ||
| 500 | _aEdición anotada para el profesor y la profesora | ||
| 505 | 0 |
_tLa convivencia familar -- _tMi escuela -- _t Participo y colaboro en mi comunidad -- _t Mis derechos y mis deberes -- _tEl trabajo -- _tValoro mi país -- |
|
| 650 | 4 |
_aEDUCACIÓN CÍVICA _xENSEÑANZA BÁSICA |
|
| 650 | 4 |
_aEDUCACIÓN CÍVICA _xEDUCACIÓN PRIMARIA |
|
| 650 | 4 |
_aEDUCACIÓN PRIMARIA _zREPÚBLICA DOMINICANA |
|
| 650 | 4 |
_aEDUCACIÓN CÍVICA _xLIBROS DE TEXTOS |
|
| 650 | 4 |
_aEDUCACIÓN CÍVICA _xESTUDIOS Y EJERCICIOS |
|
| 700 | 1 |
_aGarcía Escobar, Obdulia de, _eed. |
|
| 700 | 1 |
_aNúñez, Ruddy _eil. |
|
| 830 | 0 | _aInnova | |
| 910 | _a Validado. Control de calidad MFF | ||
| 942 |
_2ddc _cBK |
||
| 945 | _ainventariado, 2018 / dg Remanejada para la BNPHU 2018 / BT | ||
| 956 |
_aVMATEO _b10 _220160511 _3BPMSU _60069 |
||
| 999 |
_c10108 _d10108 |
||